đŸŽ¶Paroles "Je n'aurai pas le temps" Michel Fugain - Statistiques

Statistiques générales
  • Ce quiz a Ă©tĂ© pris 82 fois
  • Le rĂ©sultat moyen est 110 sur 129
Statistiques - réponses
Mots % Correct
aurai
100%
C'
100%
c'
100%
en
100%
J'
100%
Je
100%
l'
100%
le
100%
n'
100%
pas
100%
Pas
100%
temps,
100%
temps
100%
D'
98%
De
98%
de
98%
tout
98%
MĂȘme
96%
toute
90%
un
88%
ans
87%
cent
87%
est
87%
si
87%
que
85%
courant
83%
grand
83%
immensité
83%
faire
81%
univers
81%
et
79%
Et
79%
mon
79%
Plus
79%
mes
77%
tous
77%
cƓur
75%
Des
75%
vent
75%
visiter
75%
vite
75%
volant
75%
ouvre
73%
aime
71%
on
65%
Pour
65%
pour
65%
trop
65%
bien
63%
quand
63%
yeux
58%
aimer
54%
Comme
54%
vraiment
50%
court,
48%
court
48%
jours
48%
milliers
48%
peu
48%
doit
42%
tant
42%
cƓurs
29%
fleurs
27%
Aucun quiz correspondant
Distribution des résultats
% des personnes avec chaque résultat
Percentile par nombre de réponses
Votre historique - résultats
Vous n’avez pas pris ce quiz